000 00835nam a2200265Ia 4500
005 20250425162841.0
008 250425s9999 xx 000 0 und d
020 _a9788491134077
041 _aspa
082 _a570.1519
_pMAR
100 _aMartínez González, Miguel Ángel
245 0 _aBioestadística Amigable
_cMiguel Ángel Martínez González; Almudena Sánchez-Villegas; Estefanía A. Toledo Atucha; Javier Faulin Fajardo
250 _aCuarta Edición
260 _aBarcelona
_bElsevier
_c2020
300 _a536 Páginas
_c24 cm.
500 _aIncluye índice
650 _aBioestadística
650 _aEstadística
650 _aEstadística aplicada
700 _aFaulin Fajardo, Javier
700 _aSánchez-Villegas, Almudena
700 _aToledo Atucha, Estefanía
942 _c01
010 _a113625
999 _c237713
_d237713